[Event "Magistral 50 Blanca 2022"]
[Site "Buenos Aires"]
[Date "2022.03.30"]
[Round "6.2"]
[White "Paveto, Kevin"]
[Black "Fiorito, Fabian"]
[Result "1/2-1/2"]
[WhiteElo "2462"]
[BlackElo "2357"]
[Annotator "TA"]
[PlyCount "193"]
[EventDate "2022.03.25"]
[EventType "tourn"]
[EventCountry "ARG"]
[SourceTitle "playchess.com"]
[Source "ChessBase"]
[SourceQuality "1"]

{[%evp 20,193,59,49,83,59,96,28,25,0,16,10,37,40,27,34,36,22,54,49,47,46,63,56,49,35,59,47,43,55,90,32,33,32,39,0,0,0,0,-179,-174,-177,-181,-251,-245,-229,-246,-239,-248,-252,-254,-341,-231,-218,-235,-228,-225,-223,-177,-239,-229,-328,-339,-283,-322,-410,-418,-462,-457,-443,-443,-427,-406,-526,-383,-364,-228,-213,-217,-216,-211,-196,-187,-157,-166,-374,-297,-272,-254,-895,-851,-639,-331,-331,-314,-261,0,0,0,-450,-383,-29984,-29985,-29985,-29986,-29986,0,0,0,-29986,0,0,0,-29986,0,0,0,0,0,0,0,-848,0,-420,0,0,0,0,0,0,0,0,0,-3894,-3050,-3569,-845,-29971,-29972,-29948,0,0,0,0,0,0,0,0,0,0,0,0,0,0,0,0,0,0,0,0,0,0,0,0,0,0,0,0,0,0,0,0,0,0,0,0]} 1. e4 c5 2. Nf3 Nc6 3. d4 cxd4 4. Nxd4 g6 5. c4 Nf6 6. Nc3 d6 7. f3 Bg7 8. Be3 O-O 9. Qd2 Bd7 10. Be2 Nxd4 11. Bxd4 a5 {B38: Sicilian: Maroczy Bind with 5...Bg7 and 7...0-0.} 12. h4 a4 {[#]} 13. a3 $146 ({Better is} 13. h5 $16) ({Predecessor:} 13. h5 Qa5 14. g4 Be6 15. Kf2 Rfc8 16. b3 b5 17. h6 Bh8 18. g5 Ne8 19. Bxh8 Kxh8 {1-0 (45) Baldauf,M (2470)-Hausrath,D (2493) Germany 2018}) 13... Be6 {White has an edge.} 14. h5 Qa5 $1 (14... Nxh5 $2 15. Bxg7 Nxg7 16. Qh6 $16) 15. hxg6 fxg6 16. Qe3 Rac8 17. Bb6 Qa8 (17... Qe5 $2 18. f4 Nd5 19. exd5 $18) 18. Nd5 Nxd5 19. exd5 Bd7 20. O-O-O Rce8 21. Qf2 {White is more active.} Rf7 {[%cal Bf8f7,Bf7g7,Bg7g6][%mdl 32]} 22. Bd4 Qa5 23. Bd3 Bxd4 24. Qxd4 {[%cal Od3g6] Black must now prevent Bxg6!} Rg7 25. Rh6 (25. Rhe1 $16) 25... Rc8 26. Kb1 Qc5 27. Qh4 Qe3 $1 28. Ka1 Rf8 29. Bxg6 $2 Rxg6 $19 (29... hxg6 $2 30. Re1 Qxh6 31. Qxh6 $18) 30. Rxh7 {And now Rh8+ would win.} Qg5 $1 31. Rh8+ (31. Qxg5 {was called for.} Rxg5 32. Rxe7) 31... Kf7 32. Rh7+ Ke8 33. Qd4 Rh6 (33... Qxg2 34. c5 Qg3 35. cxd6 Qxd6 36. Qa7 $17) 34. Rxh6 Qxh6 35. Qa7 Qf4 36. Qb8+ Kf7 37. Qxb7 Bc8 38. Qc7 Ba6 39. Re1 (39. Qd7 {might work better.} Bxc4 40. Qe6+ Kg7 41. Qxe7+ Rf7 42. Qd8 Bxd5 43. g3 (43. Rxd5 $2 Qc1+ 44. Ka2 Qc4+ 45. Ka1 Qxd5 $19)) 39... Re8 $1 40. c5 (40. Qd7 Bxc4 41. Qxa4 Qd2 $1) (40. Qa5 $142 Bxc4 41. Qxa4) 40... Qd2 $1 {[%csl LRd5,LRe1,LRg2]} 41. Rh1 Qxg2 (41... Qxd5 42. cxd6 Qxd6 43. Qa5 $17) 42. Re1 Qf2 43. Rc1 Rc8 44. Qd7 Rxc5 45. Rh1 {White threatens Qf5+ and mate.} Rxd5 46. Qxa4 Rb5 {[%csl Gb5][%cal Rf2b2]} 47. Qc4+ d5 {[%csl Gb5][%cal Rf2b2]} 48. Qf4+ Ke8 {[%csl Gb5][%cal Rf2b2]} 49. Rh8+ Kd7 {[%csl Gb5][%cal Rf2b2]} 50. Qf5+ {[#]} Kc7 $1 {[%csl Gb5][%cal Rf2b2]} 51. Qe5+ Kb6 52. Qb8+ $2 (52. b4 Bb7 53. Rh7) 52... Ka5 {[%csl Gb5][%cal Rf2b2]} 53. Qc7+ Ka4 {[%csl Gb5][%cal Rf2b2]} 54. Qf4+ $2 (54. Rh2 Qf1+ 55. Ka2 Qc4+ 56. Qxc4+ dxc4 57. Re2) 54... Kb3 {[%csl Gb3][%cal Rf2b2]} 55. Qc1 Rc5 {[%cal Rc5c1]} (55... Qc2 $2 56. Qe3+ Ka4 57. Rh4+ Ka5 58. Qe1+ Kb6 59. Rh6+ Ka7 60. Qxe7+ Bb7 61. Qe3+ Rc5 62. Rd6 $19) 56. Rb8+ Bb5 {[%cal Rc5c1]} (56... Ka4 57. Qd1+ Rc2 58. Kb1 $18) 57. Qb1 {Qd3+ would kill now.} (57. Qd1+ $2 Qc2 58. Qb1 Qxb1+ 59. Kxb1 d4 $19) 57... Kc4 {To avoid Qd3+} (57... Qxf3 $19 {Threatens to win with ...Kc4.} 58. Qa2+ Ka4 59. b3+ Ka5 60. b4+ Ka6 61. bxc5 Qc3+ 62. Qb2 Qe1+ 63. Qb1 (63. Ka2 $2 Bc4+ 64. Rb3 Qe3 $19) 63... Qe5+ 64. Qb2 Qxb8) 58. Qd1 $11 {The board is on fire.} d4 59. a4 $2 {[%mdl 8192]} (59. Qc1+ $1 $11 Kb3 60. Qb1 Qxf3 61. Qa2+ Ka4 62. b3+ Ka5 63. b4+ Ka4 64. bxc5 Qc3+ 65. Qb2 Qe1+ 66. Qb1 Qc3+ 67. Qb2 Qe1+ 68. Qb1 Qc3+ 69. Qb2) 59... d3 $19 60. Rxb5 $2 (60. Kb1 $19 Qc2+ 61. Qxc2+ dxc2+ 62. Kxc2 Bxa4+ 63. Kd2) 60... Rxb5 61. axb5 {KQ-KQ} Qc2 62. Qe1 Qa4+ $2 (62... Kxb5 63. Qxe7 Qe2 64. Qd7+ Kc5 65. Qf5+ Kc4 66. Qf7+ Kc5 67. Qf5+ Kd6 68. Qf6+ Kc7 69. Qf4+ Kc6 70. Qf6+ Kd7 71. Qf7+ Kc8 72. Qf5+ Kd8 73. Qf8+ Kd7 74. Qf7+ Kd8 75. Qf8+ Kd7 76. Qf7+ $11) (62... d2 63. Qe6+ Kb4 64. Qxe7+ Qc5 65. Qe2 Qc1+ 66. Ka2 Qe1 67. Qe4+ Qxe4 68. fxe4 d1=Q 69. b6 Qd7 70. b7 Qxb7 71. e5 Qd5+ 72. b3 Qxe5 73. Kb1 Kxb3 74. Kc1 Qe1#) 63. Kb1 $11 Qc2+ $2 {[%mdl 8192]} (63... Qxb5 64. Qe4+ Kc5 65. Qxe7+ Kb6 66. Qf7 $14) (63... Kd5 $11 64. Qe4+ (64. b6 Qc2+ 65. Ka2 d2 66. Qxe7 Qa4+ 67. Qa3 d1=Q 68. Qxa4 Qxa4+ 69. Kb1 Qb4 70. b7 Kc4 71. Kc2 Qxb7 72. Kd2 Qxf3 73. b3+ Kb4 74. Ke1 Kc3 75. b4 Kd3 76. b5 Qe2#) 64... Qxe4 65. fxe4+ Kxe4) 64. Ka1 $1 Qa4+ (64... Kxb5 65. Qxe7 Qe2 66. Qd7+ Kc5 67. Qf5+ Kc6 68. Qf6+ Kc7 69. Qf4+ Kb6 70. Qd4+ Kc6 71. Qf6+ Kd7 72. Qd4+ Ke6 73. Qg4+ Kf7 74. Qf4+ Ke6 75. Qg4+ Ke5 76. Qg5+ Ke6 77. Qg4+ $11) 65. Kb1 {Strongly threatening Qc3+.} Qc2+ (65... Qxb5 66. Qe4+ Kc5 67. Qxe7+ Kb6 68. Qf7 $14) 66. Ka1 $1 Qe2 $2 (66... Kxb5 67. Qxe7 Qe2 68. Qd7+ Kc5 69. Qf5+ Kc6 70. Qf6+ Kc7 71. Qf4+ Kb6 72. Qd4+ Kc6 73. Qf6+ Kd7 74. Qd4+ Ke6 75. Qg4+ Kf7 76. Qf4+ Ke6 77. Qg4+ Ke5 78. Qg5+ Ke6 79. Qg4+ $11) (66... d2 67. Qe6+ Kb4 68. Qxe7+ Qc5 69. Qe2 Qg1+ 70. Ka2 d1=Q 71. Qe7+ Qc5 72. Qxc5+ Kxc5 73. b6 Kxb6 74. f4 Kb5 75. f5 Kb4 76. f6 Qd5+ 77. b3 Qd2+ 78. Ka1 Kxb3 79. f7 Qe1#) 67. Qc3+ Kxb5 {Hoping for ...d2.} 68. Qb3+ Kc5 (68... Kc6 $5 {[%cal Re2e1]} 69. Qc4+ Kd6 $11) 69. Qa3+ Kd5 (69... Kb5 $6 70. Qb3+ Kc5 71. Qc3+ Kd5 72. Qb3+ Kc5 $17) 70. Qa8+ $2 {[%mdl 8192] [#]} (70. Qb3+ $11 Ke5 71. Qb4) 70... Ke6 $1 $19 71. Qg8+ $2 {[%mdl 8192]} (71. Qc8+ $1 $11 {and White is okay.} Kf6 72. Qc3+ Kg6 73. Qb4) 71... Kf5 $2 ({Black should try} 71... Kf6 $19 {( -> ...d2)} 72. Qg1 Qxf3 73. Qb6+ Kf5 74. Qc5+ Kf6 75. Qd4+ Ke6 76. Qc4+ Qd5 77. Qg4+ Kd6 78. Qb4+ Kd7 79. Qa4+ Kd8) 72. Qg4+ $1 $11 Ke5 {...Qe1+ is the strong threat.} 73. Qg5+ Kd6 74. Qf4+ Kd5 75. Qf5+ Kc4 {aiming for ...d2.} (75... Kc6 76. Qg6+ Kb5 77. Qh5+ Kc6 78. Qg6+ Kc7 79. Qg5 $17) 76. Qc8+ $2 {[%mdl 8192]} (76. Qa5 $11) 76... Kd4 $19 77. Qd7+ Ke3 78. Qxe7+ Kf2 ({Worse is} 78... Kxf3 79. Qf6+ Kg2 80. Qg5+ Kf1 81. Qf5+ Ke1 82. Qg5 $17) 79. Qh4+ Kxf3 $2 (79... Kg2 {mates} 80. Qg4+ Kf1 81. Qh3+ Qg2 82. Qd7 d2 83. Kb1 Ke1 84. Qe7+ Qe2 85. Qh4+ Qf2 86. Qb4 Qg1 87. Ka2 Qe3 88. Qh4+ Ke2 89. Qc4+ Qd3 90. Qe6+ Kf2 91. Qb6+ Kf1 92. Qe6 Qd4 93. Qh3+ Ke2 94. Qh2+ Qf2 95. Qe5+ Kf1 96. Qd5 Qe2 97. Qd8 d1=Q 98. Qxd1+ Qxd1 99. Ka3 Qxf3+ 100. Kb4 Qc6 101. Ka5 Ke2 102. b4 Kd3 103. b5 Qb7 104. Kb4 Qb6 105. Ka3 Qxb5 106. Ka2 Kc3 107. Ka3 Qb3#) 80. Qh3+ $11 {The position is equal.} Kf2 81. Qh4+ Ke3 82. Qh6+ Kf3 83. Qh3+ Kf2 84. Qh4+ Kg1 85. Qg3+ Kf1 86. Qh3+ $1 Ke1 87. Qh4+ $1 Kd2 (87... Qf2 88. Qe4+ Qe2 89. Qh1+ Qf1 90. Qe4+ Qe2 91. Qh4+ Kf1 92. Qh3+ Kf2) 88. Qb4+ Kd1 89. Qa4+ Kc1 {[%csl Gc1][%cal Re2b2]} 90. Qc6+ Qc2 91. Qh6+ $1 d2 {[%csl Gc1][%cal Rc2b2]} 92. Qh1+ d1=Q {[%csl Gc1][%cal Rc2b1]} (92... d1=R $5 93. Qh6+ Qd2 94. Qc6+ Qc2 95. Qh6+ Rd2 96. Qh1+ Rd1 97. Qh6+ $11) 93. Qh6+ Qdd2 {[%csl Gc1][%cal Rc2b1]} 94. Qh1+ Qcd1 {[%csl Gc1][%cal Rd2b2]} 95. Qc6+ Q1c2 96. Qh1+ Qdd1 {[%csl Gc1][%cal Rc2b1]} 97. Qh6+ {Weighted Error Value: White=0.60/Black=0.26 (precise)} 1/2-1/2

[Event "Magistral 50 Blanca 2022"]
[Site "Buenos Aires"]
[Date "2022.03.30"]
[Round "6.3"]
[White "Flores, Diego"]
[Black "Roselli Mailhe, Bernardo"]
[Result "1/2-1/2"]
[WhiteElo "2566"]
[BlackElo "2426"]
[Annotator "TA"]
[PlyCount "49"]
[EventDate "2022.03.25"]
[EventType "tourn"]
[EventCountry "ARG"]
[SourceTitle "playchess.com"]
[Source "ChessBase"]
[SourceQuality "1"]

{[%evp 19,49,29,19,10,17,29,16,27,31,0,15,29,19,27,20,0,0,-32,-16,-36,0,0,15,-59,-28,-33,2,0,37,-53,-23,-86]} 1. c4 g6 2. Nc3 Bg7 3. d4 Nf6 4. e4 d6 5. Nf3 O-O 6. Be2 e5 7. O-O Nbd7 8. Re1 c6 9. Bf1 a5 10. d5 Nc5 11. h3 {E96: King's Indian: Classical: 7...Nbd7 8 Re1 c6 9 Bf1 a5.} Bd7 12. dxc6 Bxc6 {[%cal Rf6e4] [#]} 13. Qc2 $146 {The position is equal.} ({Predecessor:} 13. Bd3 Ne8 14. Bg5 f6 15. Be3 Nc7 16. Qe2 N7e6 17. Rad1 f5 18. exf5 gxf5 19. Bb1 {½-½ (41) Malich,B (2450)-Portisch,F (2410) Halle-Neustadt 1982}) 13... Rc8 14. Bd3 Qd7 15. Be3 {[%cal Of3e5]} b6 16. Rad1 Qb7 {[%cal Rc5e4]} 17. Bxc5 bxc5 18. Nd5 Nh5 19. Bf1 Bh6 20. g4 Nf4 21. Nxf4 (21. Nf6+ $11 Kh8 22. Rxd6) 21... exf4 22. Rxd6 Rfd8 {[#]} (22... Rfe8 $5 {[%cal Rc6e4]}) 23. Rd5 Bxd5 (23... Bg7 24. b3) 24. exd5 (24. cxd5 $14 Bg7 25. b3) 24... Re8 25. Bd3 {Weighted Error Value: White=0.26 (precise) /Black=0.17 (very precise)} (25. Rb1 $11) 1/2-1/2

[Event "Magistral 50 Blanca 2022"]
[Site "Buenos Aires"]
[Date "2022.03.30"]
[Round "6.4"]
[White "Santiago, Yago De Moura"]
[Black "Pichot, Alan"]
[Result "0-1"]
[WhiteElo "2494"]
[BlackElo "2625"]
[Annotator "TA"]
[PlyCount "62"]
[EventDate "2022.03.25"]
[EventType "tourn"]
[EventCountry "ARG"]
[SourceTitle "playchess.com"]
[Source "ChessBase"]
[SourceQuality "1"]

{[%evp 9,62,27,22,12,17,-10,-13,-8,-2,-11,0,-1,0,-13,0,-6,0,0,11,8,19,22,20,20,9,0,0,0,0,0,17,27,26,0,0,-38,0,-202,-202,-298,-296,-300,-294,-295,-282,-283,-294,-533,-525,-877,-868,-29973,-29974,-29974,-29974]} 1. d4 d5 2. c4 dxc4 3. e3 Nf6 4. Bxc4 e6 5. Nf3 a6 6. b3 {D26: Queen's Gambit Accepted: 4 e3 e6 5 Bxc5 c5 sidelines.} c5 7. dxc5 Qxd1+ 8. Kxd1 {The position is equal.} Bxc5 9. Bb2 {[#]} b5 $146 ({Predecessor:} 9... Nbd7 10. Nbd2 b5 11. Bd3 Bb7 12. Ke2 Bd6 13. Rhc1 Nc5 14. Bb1 Ke7 15. g3 Rhc8 {0-1 (45) Daly,C (2369)-Baburin,A (2586) Bunratty 1999}) 10. Bd3 Bb7 11. Nbd2 {[%cal Bb1d2,Bd2c4,Bc4a5][%mdl 32]} O-O 12. Ke2 Nbd7 13. a4 b4 14. Rac1 Rac8 15. Nc4 Be7 16. Na5 Bd5 17. Bxf6 Bxf6 18. e4 Ba8 ({Don't take} 18... Rxc1 19. Rxc1 Ba8 20. Rc7 $16) 19. Bxa6 ({Much weaker is} 19. Rxc8 Rxc8 20. Rd1 Nc5 $15) 19... Rxc1 (19... Rc3 {keeps more tension.} 20. Bb5 Nc5 21. e5 Bxf3+ 22. gxf3 Bxe5 23. Rxc3 Bxc3 24. Rd1 g5) 20. Rxc1 {Black must now prevent Rc7.} Bc3 $1 21. Rd1 Nc5 22. Bc4 (22. Bd3 $5) 22... Bxe4 {This bishop pair is nice.} (22... Bf6 $5 {[%cal Rf6d8]}) 23. Ne1 $2 {[#]} (23. Nd4 $1 $11 {and White is okay.}) 23... Ra8 $19 24. f3 (24. Bb5 $142) 24... Bd5 $1 25. Bxd5 exd5 (25... Rxa5 26. Bc4 Kf8 27. Nc2 $11) 26. Nc6 Re8+ ({Stronger than} 26... Nxb3 27. Ne7+ Kf8 28. Nxd5 $15) 27. Kf1 Nxb3 {Threatens to win with ...Nd2+.} 28. a5 $2 {[#]} (28. Nd3 Nd2+ 29. Rxd2 Bxd2 30. Ndxb4) 28... Nd2+ 29. Kf2 Re6 30. Nd8 Bd4+ 31. Kg3 Nf1+ {Weighted Error Value: White=0.76/Black=0.04 (flawless)} 0-1

[Event "Magistral 50 Blanca 2022"]
[Site "Buenos Aires"]
[Date "2022.03.30"]
[Round "6.5"]
[White "Romero Barreto, Jaime Jose"]
[Black "Labollita, Martin"]
[Result "1/2-1/2"]
[WhiteElo "2333"]
[BlackElo "2388"]
[Annotator "TA"]
[PlyCount "42"]
[EventDate "2022.03.25"]
[EventType "tourn"]
[EventCountry "ARG"]
[SourceTitle "playchess.com"]
[Source "ChessBase"]
[SourceQuality "1"]

{[%evp 9,42,-17,-6,-12,-23,-403,-4,-14,-10,-30,-34,-23,-38,-45,24,0,0,0,0,-14,-21,-19,-5,-6,5,-1,-3,-9,-9,-7,-5,-12,0,-8,0]} 1. e4 e6 2. d4 d5 3. Nd2 c5 4. Ngf3 cxd4 5. Bb5+ Bd7 6. Qe2 {C07: French Tarrasch: 3...c5, 4 Ngf3 and 4 exd5 Qxd5.} dxe4 7. Nxe4 {[%mdl 8192] [#]} (7. Nxd4 $11 {and White is okay.} Qb6 8. c3) 7... Nf6 $2 ({Black should try} 7... Qa5+ $19 8. Bd2 Qxb5 9. Qxb5 Bxb5 10. Nxd4 Bc4) 8. Nxd4 Nxe4 9. Qxe4 Bxb5 10. Nxb5 Qa5+ 11. Nc3 {[#]} Qa6 $146 (11... Nc6 $15) ({Predecessor:} 11... Nc6 12. Bd2 Be7 {½-½ (12) Buksa,N (2437)-Burcu,C (2333) Lvov 2018}) 12. a4 {[#] Strongly threatening Nb5.} Be7 {The position is equal.} 13. Nb5 {Nc7+ is the strong threat.} O-O $1 14. O-O {Threatens to win with Nc7.} Qc6 {To avoid Nc7} 15. Qe2 Bf6 16. Rd1 $1 $36 {[%mdl 2048] White is pushing.} a6 17. Nd4 Qc7 18. Nf3 Nc6 19. c3 Rfd8 20. Be3 Qa5 21. Qc2 h6 {Weighted Error Value: White=0.44/Black=0.38} 1/2-1/2

[Event "Magistral 50 Blanca 2022"]
[Site "Buenos Aires"]
[Date "2022.03.31"]
[Round "7.1"]
[White "Labollita, Martin"]
[Black "Diaz Hollemaert, Nahuel"]
[Result "1/2-1/2"]
[WhiteElo "2388"]
[BlackElo "2439"]
[Annotator "TA"]
[PlyCount "27"]
[EventDate "2022.03.25"]
[EventType "tourn"]
[EventCountry "ARG"]
[SourceTitle "playchess.com"]
[Source "ChessBase"]
[SourceQuality "1"]

{[%evp 23,24,24,25]} 1. d4 d5 2. c4 e6 3. Nc3 Nf6 4. Bg5 Be7 5. e3 Nbd7 6. Nf3 O-O 7. Rc1 c6 8. Bd3 dxc4 9. Bxc4 Nd5 10. Bxe7 Qxe7 11. O-O {11.Ne4 is not played anymore.} Nxc3 12. Rxc3 e5 {[#]} {Predecessor:} 13. Bb3 $146 {D68: Queen's Gambit Declined: Classical Main Line with 9...Nd5 and 12...e5.} exd4 14. exd4 {½-½ (14) Del Rio de Angelis,S (2510)-Narciso Dublan,M (2521) Alicante 2021} 1/2-1/2

[Event "Magistral 50 Blanca 2022"]
[Site "Buenos Aires"]
[Date "2022.03.31"]
[Round "7.2"]
[White "Pichot, Alan"]
[Black "Romero Barreto, Jaime Jose"]
[Result "1-0"]
[WhiteElo "2625"]
[BlackElo "2333"]
[Annotator "TA"]
[PlyCount "61"]
[EventDate "2022.03.25"]
[EventType "tourn"]
[EventCountry "ARG"]
[SourceTitle "playchess.com"]
[Source "ChessBase"]
[SourceQuality "1"]

{[%evp 25,61,12,21,20,50,48,69,52,58,33,43,58,39,20,176,76,98,39,63,31,61,35,60,16,31,29,122,136,129,137,575,429,393,406,2492,1161,29993,29994]} 1. e4 e5 2. Nf3 Nc6 3. Bb5 a6 4. Ba4 Nf6 5. O-O Be7 6. Re1 b5 7. Bb3 O-O 8. a4 Bb7 9. d3 d6 10. Nbd2 Nd7 11. c3 Nc5 12. axb5 $1 {12.axb5 scores better than 12.Bc2.} axb5 13. Rxa8 Qxa8 14. Bc2 {C88: Closed Ruy Lopez: Anti-Marshall Systems.} Bf6 15. Nf1 Ne7 {[#]} 16. h4 $146 {White is slightly better.} ({Predecessor:} 16. Ng3 Ng6 17. d4 Ne6 18. Nh5 Be7 19. d5 Nd8 20. Qe2 c6 21. dxc6 Bxc6 22. Ng3 {½-½ (35) Banzea,A (2373)-Swayams,M (2432) Bucharest 2019}) 16... d5 {[%cal Rd5e4]} 17. Qe2 Ne6 {[%cal Ob5b4]} 18. N1h2 h5 {Inhibits Ng4.} 19. Ng5 g6 $2 (19... Bxg5 $11 20. hxg5 b4) 20. g4 (20. Nxe6 $18 {is more deadly.} fxe6 21. Nf3) 20... Ng7 21. Qf3 (21. d4 $16) 21... Qa6 22. Be3 (22. d4 $5) 22... d4 23. Bd2 c5 24. Bb3 c4 25. dxc4 bxc4 {[#]} (25... Bxg5 $11 {remains equal.} 26. Bxg5 bxc4 27. Bxe7 Re8) 26. Bxc4 $1 $16 {[%mdl 512]} Qxc4 27. Qxf6 Qd3 $2 {[%mdl 8192]} (27... Nc6 $16) 28. Qxe7 Qxd2 29. Nhf3 {Chess con chili.} Qxb2 {[#]} (29... Qf4 $142) 30. Nxe5 (30. Nh7 $142 $1 {[%mdl 512]} Ne6 31. Nxf8 Nxf8 32. Nxe5) 30... dxc3 31. Nd7 {Weighted Error Value: White=0.28 (precise) /Black=1.20} 1-0

[Event "Magistral 50 Blanca 2022"]
[Site "Buenos Aires"]
[Date "2022.03.31"]
[Round "7.3"]
[White "Roselli Mailhe, Bernardo"]
[Black "Santiago, Yago De Moura"]
[Result "0-1"]
[WhiteElo "2426"]
[BlackElo "2494"]
[Annotator "TA"]
[PlyCount "66"]
[EventDate "2022.03.25"]
[EventType "tourn"]
[EventCountry "ARG"]
[SourceTitle "playchess.com"]
[Source "ChessBase"]
[SourceQuality "1"]

{[%evp 9,66,0,0,0,7,0,10,-39,-31,-25,-32,-33,-32,-32,-30,-17,-9,-24,-31,-35,-27,-45,-39,-43,-26,-74,-30,-18,-18,-70,-52,-90,-103,-93,-84,-105,-95,-113,-91,-125,-128,-157,-27,-29,-29,-41,61,-2,0,-663,-643,-809,-796,-29973,-29973,-29969,-29955,-5152,-4902]} 1. d4 Nf6 2. Nf3 g6 3. Bf4 Bg7 4. Nc3 d5 5. Nb5 Na6 6. e3 {D00: 1 d4 d5: Unusual lines.} c6 7. Nc3 Qb6 8. a3 {[#]} (8. Rb1 $11 {deserves consideration.}) 8... Nh5 $146 (8... Qxb2 $2 9. Na4 Qxa1 10. Qxa1 $18) ({Predecessor:} 8... O-O 9. b4 Bg4 10. Be2 Nd7 11. Nd2 Bxe2 12. Nxe2 e5 13. dxe5 Nxe5 14. Bxe5 Bxe5 {1-0 (45) Gukesh,D (2578)-Maenhout,T (2394) Guimaraes 2021}) 9. Bg5 h6 10. Bh4 g5 (10... Qxb2 $2 11. Na4 Qxa1 12. Qxa1 $18) 11. Bg3 Nxg3 (11... Qxb2 $2 12. Na4 Qxa1 13. Qxa1 $18) 12. hxg3 Nb8 {[%cal Oe7e5,Ba6b8,Bb8d7,Bd7b6,Bb6c8,Bc8d6][%mdl 32]} (12... Qxb2 $2 13. Na4 Qxa1 14. Qxa1 $18) 13. b4 (13. Na4 $5 {[%cal Ra4b6]} Qc7 14. Bd3 $11) 13... Nd7 14. Bd3 e5 $36 {[%mdl 2048] With the idea ...e4. Black is more active.} 15. Bf5 e4 16. Nd2 Qc7 17. Qe2 (17. Ne2 $11) 17... Nb6 (17... a5 $5 {[%cal Ra5b4]} 18. b5 O-O $11) 18. Bxc8 Nxc8 19. Nb3 ({Better is} 19. Na2 $11) 19... Nd6 20. Nb1 O-O 21. N1d2 f5 22. c4 f4 23. gxf4 gxf4 {[%cal Bg5f4,Bf4e3,Be3e2][%mdl 32]} 24. Qg4 dxc4 25. Nc5 c3 (25... Qf7 $1 $17 {...fxe3 is the strong threat.} 26. Qh5 b6 27. Qxf7+ Rxf7 28. Ncxe4 fxe3 $1 29. Nxd6 (29. fxe3 Nxe4 30. Nxe4 Re8 $17) 29... exd2+ 30. Ke2 Rf4 31. Nxc4 c5) 26. Ndxe4 $11 Nxe4 {Really sharp!} 27. Nxe4 {Black must now prevent Rxh6.} Rae8 (27... fxe3 $1 $15 28. f3 a5) 28. f3 (28. Nxc3 fxe3 29. f3 Qd6 $11) ({White should try} 28. Qg6 $14 Qd7 29. Rxh6 (29. Nxc3 $2 Qxd4 30. O-O fxe3 $19) 29... Rxe4 30. Qh7+ Kf7 31. Rg6 (31. Qg6+ Kg8 $14)) 28... fxe3 {And now ...c2 would win.} 29. Rxh6 $2 {[%mdl 8192] [#]} (29. Nxc3 $11 Qd6 30. Ne2) 29... Rxe4 $1 $19 {[%mdl 512]} 30. fxe4 {[#] Threatens to win with e5.} (30. Qg6 Rf7) 30... Qf7 $1 {[%csl Gf8][%cal Rf7f1]} 31. O-O-O Qa2 {[%csl Gc3][%cal Ra2b2]} ({Worse is} 31... Qf2 32. Qe6+ Rf7 33. Qc8+ Rf8 34. Qe6+ Rf7 35. Qc8+ Bf8 36. Qg4+ Bg7 37. Qc8+ $11) 32. Qe6+ Qxe6 33. Rxe6 e2 {Weighted Error Value: White=0.73/Black=0.17 (very precise)} 0-1

[Event "Magistral 50 Blanca 2022"]
[Site "Buenos Aires"]
[Date "2022.03.31"]
[Round "7.4"]
[White "Fiorito, Fabian"]
[Black "Flores, Diego"]
[Result "1-0"]
[WhiteElo "2357"]
[BlackElo "2566"]
[Annotator "TA"]
[PlyCount "91"]
[EventDate "2022.03.25"]
[EventType "tourn"]
[EventCountry "ARG"]
[SourceTitle "playchess.com"]
[Source "ChessBase"]
[SourceQuality "1"]

{[%evp 22,91,37,17,50,31,34,36,47,50,49,9,37,29,58,49,45,29,45,45,37,22,33,35,9,22,81,84,188,197,346,345,342,310,315,306,532,535,558,493,543,536,574,589,568,556,654,651,566,594,603,545,1475,845,1527,1183,1163,1131,29970,29971,29983,29984,29984,29985,29985,29985,29985,29986,29989,29988,29988,29989]} 1. d4 Nf6 2. c4 c5 3. d5 e6 4. Nc3 exd5 5. cxd5 d6 6. e4 g6 7. f4 Bg7 8. Bb5+ Nfd7 9. a4 O-O 10. Nf3 Na6 11. O-O Nb4 {11...Nb4 scores better than 11...Nc7.} 12. Be3 a6 {A67: Modern Benoni: Taimanov Variation.} 13. Be2 Re8 14. Bf2 f5 {White is slightly better.} 15. exf5 gxf5 {[#]} 16. Ra3 $146 (16. Ng5 {seems wilder.} Nf8 17. Bh5 Ng6 18. Qd2) ({Predecessor:} 16. Ng5 Nf8 17. Bh5 Re7 18. Bh4 Bf6 19. Re1 h6 20. Nf3 Bxh4 21. Nxh4 Rg7 22. Nf3 {0-1 (46) Davtyan,A (2440)-Shahinyan,D (2452) Yerevan 2019}) 16... Nf8 17. a5 Ng6 18. g3 Bd7 19. Ng5 {[%cal Og5e6]} Qf6 {Inhibits Ne6.} 20. Bc4 Nf8 {Prevents Ne6.} 21. Ra1 h6 22. Nf3 Qf7 23. Qb3 Kh8 (23... Qh5 $11 {remains equal.}) 24. Na2 $16 {White leaves nothing to chance now.} b5 (24... Nxa2 $16 25. Rxa2 Bb5) 25. axb6 $18 Rab8 (25... Reb8 $142 26. Nxb4 Rxb6) 26. Nxb4 Rxb6 {[#]} 27. Qd3 $1 Rxb4 28. Rxa6 Qe7 $2 (28... Re4 {was necessary.}) 29. Re1 Qe4 30. Rxe4 fxe4 31. Qf1 Rxb2 {[#]} 32. Ne5 dxe5 33. fxe5 Rxe5 {And now ...Rf5 would win.} 34. Bxc5 Rf5 35. Qc1 {Hoping for g4.} Rh5 36. h4 Bh3 37. Bf1 {Inhibits Rg2+.} Rb3 38. Bxh3 {Threatens to win with Bxf8.} Rxg3+ 39. Bg2 {Black must now prevent Qf4.} Ng6 {Inhibits Qf4.} 40. Bf2 {White mates.} Rc3 41. Qd1 e3 42. Qxh5 exf2+ 43. Kxf2 Rc2+ 44. Ke1 Bc3+ 45. Kd1 Rd2+ 46. Kc1 {Weighted Error Value: White=0.08 (flawless) /Black=0.62} 1-0